000 00924cab a2200277 4500
001 WB3141-07
008 090401t1995 xxu||||| |||| 00| 0 eng d
035 _a(Sirsi) u14827
041 _aeng
245 _aHome energy rating
260 _c1995
350 _a0
490 _aDoE News Release
_v(519) 31 October 1995, (3)
520 _aThe success of the Standard Assessment Procedure (SAP) for home energy rating means it is to continue, proving of great benefit to designers, developers and consumers of homes.
650 _aBUILDING CONTROL
_96222
650 _aBUILDING REGULATIONS
_96224
650 _aENERGY CONSERVATION ACT
650 _aENERGY EFFICIENCY STANDARDS
650 _aENERGY EFFICIENCY
650 _aHOME ENERGY RATING
650 _aSTANDARD ASSESSMENT PROCEDURE
690 _aBUILDING AND CONSTRUCTION-ENERGY CONSERVATION
690 _aENERGY
_96237
942 _n0
948 _c04/03/1997
999 _c9681
_d9681